书目信息 |
| 题名: |
中专英语综合教程练习册 2
|
|
| 作者: | 全国普通中等专业学校英语教材编写组 编 | |
| 分册: | ||
| 出版信息: | 北京 高等教育出版社 1998.11 |
|
| 页数: | 132页 | |
| 开本: | 16开 | |
| 丛书名: | ||
| 单 册: | ||
| 中图分类: | H31-44 | |
| 科图分类: | ||
| 主题词: | 英语 | |
| 电子资源: | ||
| ISBN: | 7-04-007382-X | |
| 000 | 00692nam0 2200193 45 | |
| 001 | 0106200877 | |
| 005 | 20010620095214.8 | |
| 010 | @a7-04-007382-X@d9.00元 | |
| 100 | @a20010620d1998 km y0chiy0120 ea | |
| 101 | 0 | @achi |
| 105 | @a z 000yy | |
| 200 | 1 | @a中专英语综合教程练习册 2@AZhong Zhuan Ying Yu ZongHe Jiao Cheng Lian Xi Ce 2@f全国普通中等专业学校英语教材编写组编@FQuan Guo Pu Tong Zhong Deng Zhuan Ye Xue Xiao Ying Yu Jiao Cai Bian Xie Zu Bian |
| 210 | @a北京@c高等教育出版社@d1998.11 | |
| 215 | @a132页@d16开 | |
| 606 | 0 | @a英语 |
| 690 | @aH31-44@v3 | |
| 701 | 0 | @a全国普通中等专业学校英语教材编写组@4编 |
| 801 | @aCN@bPftUser@c20010620 | |
| 905 | @f5@b349163-167@dH31-44@eQ:683:2 | |
| 中专英语综合教程练习册 2/全国普通中等专业学校英语教材编写组编.-北京:高等教育出版社,1998.11 |
| 132页;16开 |
| ISBN 7-04-007382-X:9.00元 |
| ● |
| 相关链接 |
|
|
|
正题名:中专英语综合教程练习册2
索取号:H31-44/Q:683:2
 
预约/预借
| 序号 | 登录号 | 条形码 | 馆藏地/架位号 | 状态 | 备注 |
| 1 | 349163 | 203491630 | 语言库209/209语言库 94排2列1层/ [索取号:H31-44/Q:683:2] | 在馆 | |
| 2 | 349164 | 203491649 | 语言库209/209语言库 94排2列1层/ [索取号:H31-44/Q:683:2] | 在馆 | |
| 3 | 349165 | 203491658 | 语言库209/209语言库 94排2列1层/ [索取号:H31-44/Q:683:2] | 在馆 | |
| 4 | 349166 | 203491667 | 语言库209/209语言库 94排2列1层/ [索取号:H31-44/Q:683:2] | 在馆 | |
| 5 | 349167 | 203491676 | 语言库209/209语言库 94排2列1层/ [索取号:H31-44/Q:683:2] | 在馆 |